Do Ankhen Barah Haath (Record no. 18862)
[ view plain ]
| 000 -LEADER | |
|---|---|
| fixed length control field | 01745ngm a2200385 4500 |
| 003 - CONTROL NUMBER IDENTIFIER | |
| control field | dpl |
| 005 - DATE AND TIME OF LATEST TRANSACTION | |
| control field | 20081120125353.0 |
| 007 - PHYSICAL DESCRIPTION FIXED FIELD--GENERAL INFORMATION | |
| fixed length control field | ta |
| 008 - FIXED-LENGTH DATA ELEMENTS--GENERAL INFORMATION | |
| fixed length control field | ||||||sp199 xxu|||||c ||| 00| 0 ng d |
| 010 ## - LIBRARY OF CONGRESS CONTROL NUMBER | |
| LC control number | DVD-001244-1246 |
| 024 ## - OTHER STANDARD IDENTIFIER | |
| Standard number or code | DHIF0158SR |
| Terms of availability | 45.00 |
| 035 ## - SYSTEM CONTROL NUMBER | |
| System control number | DVD-001244-1246 |
| 040 ## - CATALOGING SOURCE | |
| Original cataloging agency | DPL |
| Transcribing agency | DPL |
| 082 ## - DEWEY DECIMAL CLASSIFICATION NUMBER | |
| Classification number | DVD / DOAN |
| 245 ## - TITLE STATEMENT | |
| Title | Do Ankhen Barah Haath |
| Statement of responsibility, etc | Indus Video Presents |
| Medium | [videorecording] DVD/ |
| 246 ## - VARYING FORM OF TITLE | |
| Title proper/short title | . |
| 260 ## - PUBLICATION, DISTRIBUTION, ETC. (IMPRINT) | |
| Name of publisher, distributor, etc | Moserbaer Entertainment |
| 300 ## - PHYSICAL DESCRIPTION | |
| Extent | 1 videodisc DVD; |
| Other physical details | sd., col. ; |
| Dimensions | 4 3/4 in. |
| Type of unit | DVD |
| 440 ## - SERIES STATEMENT/ADDED ENTRY--TITLE | |
| Title | Moserbaer Home Entertainment |
| 500 ## - GENERAL NOTE | |
| General note | Moserbaer India Ltd. has obtained the necessary licence/conssent from the owner of the copyright in the wroks for making this DVD Film. |
| 538 ## - SYSTEM DETAILS NOTE | |
| System details note | Dolby Digital 5.1 - Hindi Subtitles: English |
| 538 ## - SYSTEM DETAILS NOTE | |
| System details note | This DVD can be played back on DVD Players, multimedia systems & PC with MPEG card interactive with version 2.0 players. |
| 650 ## - SUBJECT ADDED ENTRY--TOPICAL TERM | |
| Topical term or geographic name as entry element | Motion Picture |
| 700 ## - ADDED ENTRY--PERSONAL NAME | |
| Personal name | Shantaram, V. |
| 700 ## - ADDED ENTRY--PERSONAL NAME | |
| Personal name | Desai, Vasant |
| 700 ## - ADDED ENTRY--PERSONAL NAME | |
| Personal name | Sandhya |
| 700 ## - ADDED ENTRY--PERSONAL NAME | |
| Personal name | Ulhas |
| 700 ## - ADDED ENTRY--PERSONAL NAME | |
| Personal name | Vyas, B. M. |
| 700 ## - ADDED ENTRY--PERSONAL NAME | |
| Personal name | Pendharkar, Baburao |
| 942 ## - ADDED ENTRY ELEMENTS (KOHA) | |
| Koha item type | CD-ROMs, DVDs, VHS |
| Source of classification or shelving scheme | Dewey Decimal Classification |
| Classification part | DVD |
| Call number suffix | DOAN |
| Withdrawn status | Lost status | Source of classification or shelving scheme | Damaged status | Not for loan | Home library | Current library | Date acquired | Source of acquisition | Cost, normal purchase price | Total Checkouts | Total Renewals | Full call number | Barcode | Date last seen | Date checked out | Copy number | Cost, replacement price | Price effective from | Koha item type |
|---|---|---|---|---|---|---|---|---|---|---|---|---|---|---|---|---|---|---|---|
| Dewey Decimal Classification | Central Library | Central Library | 20/11/2008 | Purchase | 45.00 | 41 | 2 | DVD DOAN | DVD-001244 | 13/09/2013 | 05/09/2013 | 1 | 45.00 | 20/11/2008 | CD-ROMs, DVDs, VHS | ||||
| Dewey Decimal Classification | Patel Nagar | Patel Nagar | 20/11/2008 | Purchase | 45.00 | 13 | DVD DOAN | DVD-001246 | 13/04/2012 | 29/03/2012 | 1 | 45.00 | 20/11/2008 | CD-ROMs, DVDs, VHS | |||||
| Dewey Decimal Classification | Sarojini Nagar | Sarojini Nagar | 20/11/2008 | Purchase | 45.00 | 20 | DVD DOAN | DVD-001245 | 13/04/2015 | 31/03/2015 | 1 | 45.00 | 20/11/2008 | CD-ROMs, DVDs, VHS |
